| 000 | 00710nam a2200193 4500 | ||
|---|---|---|---|
| 001 | 144716 | ||
| 003 | ES-MaACL | ||
| 005 | 20230906201100.0 | ||
| 007 | t| | ||
| 008 | 070214s1971 sp r ||||1| spa d | ||
| 100 | 1 |
_aSkinner, R. M. _9106747 |
|
| 245 | 1 | 0 |
_aAuditoría analítica _b: la censura de cuentas mediante diágramas dinámicos / _cR. M. Skinner y R. J. Anderson ; [traducción de José Luis Erro y Gonzalo Martínez Arteaga]. |
| 260 |
_aSalamanca : _bAnaya, _c1971 ( _eMadrid : _fFareso) |
||
| 300 |
_a200 p. : _bil. ; _c24 cm. |
||
| 700 | 1 |
_aAnderson, R. J. _921466 |
|
| 700 | 1 |
_aErro, José Luis. _947434 |
|
| 700 | 1 |
_aMartínez Arteaga, Gonzalo. _977869 |
|
| 852 |
_aES-MaACL _jC-41076 _bR.79908 |
||
| 999 |
_c144716 _d144716 |
||